000
00334nam a2200145Ia 4500
008
150201s2009 xx 000 0 und d
082
_a
617.6
_b
O09R
100
_a
REJENDRAN,R
245
_a
SHEFER TB OF ORAL PATHOLOGY
250
_a
6TH
260
_b
ELSEVIER
_a
DELHI
_c
2009
300
_a
1-963
650
_a
DENTISTRY
942
_2
ddc
_c
BK
999
_c
377
_d
377